| 000 | 03628nam a2200457 i 4500 | ||
|---|---|---|---|
| 003 | EG-GICUC | ||
| 005 | 20260330131215.0 | ||
| 008 | 260330s2026 ua |||f m||| 00| 0 ara d | ||
| 040 |
_aEG-GICUC _cEG-GICUC _dEG-GICUC _erda _bara |
||
| 041 | 0 |
_aara _bara _dara |
|
| 049 | _aإهداء | ||
| 082 | 0 | 4 |
_a347.46 _221 |
| 097 | _aPh.D | ||
| 099 | _aLaw 05 PHD 2026 | ||
| 100 | 0 |
_aابراهيم علي سالم زين العابدين _eمؤلف. |
|
| 245 | 1 | 0 |
_aالأسس القانونية لرهن الأوراق المالية / _cإعداد عابراهيم علي سالم زين العابدين؛ إشراف الأستاذ الدكتور سامي عبد الباقي محمد صالح. |
| 264 | 0 |
_aالقاهرة: _bكلية الحقوق- جامعة القاهرة، _c2026. |
|
| 300 |
_a319 صفحة؛ _c25 سم. |
||
| 336 |
_atext _2rda content |
||
| 337 |
_aComputer _2rda media |
||
| 338 |
_aOnline Resource _2rda carrier |
||
| 500 | _aFR | ||
| 502 | _a أطروحة (دكتوراة)- جامعة القاهرة، كلية الحقوق، قسم القانون التجاري، 2026. | ||
| 504 | _aببليوجرافيا: صفحات 294-311 | ||
| 520 | 3 | _aتناولت بالدراسة والبحث موضوع رهن الأوراق المالية من محاور مختلفة، حيث تعرضت الماهية هذا العقد، وبيان أهميته، ثم التعرض لمحله وهو الأوراق المالية، وبيان ماهيتها وأنواعها وكيفية تداولها، ومدى قابليتها للرهن، وكيفية إبرام الرهن عليها، حيث تعد شركة مصر للمقاصة والتسوية والحفظ المركزي إحدى آليات سوق رأس المال الجديدة لتطبيق نظام الحفظ المركزي للأوراق المالية، وهو كل نشاط يتناول إبداع وحفظ الأوراق المالية وإجراء المقاصة والتسوية للمراكز المالية الناشئة عن عمليات التداول وقيد حقوق الرهن عليها، ثم استعرضنا الآثار المترتبة على هذا العقد، حيث إن عقد رهن الأوراق المالية من العقود الملزمة للطرفين، وبالتالي فإنه يرتب حقوقا والتزامات على طرفي العقد، كما يرتب آثارا على الغير، ثم الشروط الموضوعية والشكلية اللازمة لقيام عملية رهن الأوراق المالية، وصولاً لطرق انقضاء هذا العقد وكيفية التنفيذ على الأوراق المالية محل العقد. | |
| 546 | _aالنص بالعربية والملخص باللغة الإنجليزية والعربية. | ||
| 650 | 0 | 4 | _aالقانون التجاري |
| 653 | 0 | _aالحفظ المركزي للأوراق المالية | |
| 653 | 0 | _aشركة مصر المقاصة | |
| 653 | 0 | _a عقد رهن الأوراق المالية | |
| 653 | 0 | _aرهن الأوراق المالية | |
| 653 | 0 | _aالأوراق المالية | |
| 655 | 4 |
_aرسائل جامعية _zجامعة القاهرة _xالقانون التجاري |
|
| 700 | 0 |
_aسامي عبد الباقي محمد صالح _eمشرف. |
|
| 700 | 0 |
_aأحمد فاروق وشاحي _eمشرف. |
|
| 710 | 2 |
_aجامعة القاهرة. _bكلية الحقوق |
|
| 856 | _uhttps://fll.law.cu.edu.eg/fulltext/th/T05-02871.pdf | ||
| 900 |
_b2026 _Uجامعة القاهرة _Fكلية الحقوق _Dقسم القانون التجاري |
||
| 905 | _a64 | ||
| 942 |
_2ddc _cTH _e21 _n0 |
||
| 999 | _c67567 | ||